|
|
|
|
| LEADER |
00000nam a2200000 a 4500 |
| 001 |
vtls010445416 |
| 003 |
SK-MaSNL |
| 005 |
20260301132807.0 |
| 008 |
150827s2009 xxuao f 001 0deng |
| 015 |
|
|
|a SNBZSA2013-001088
|
| 020 |
|
|
|a 9780230613003 (viaz.)
|
| 020 |
|
|
|a 0230613004
|
| 035 |
|
|
|a 3D74C635-3D6C-4246-BF6F-06BADBB7051D
|
| 035 |
|
|
|a urn:nbn:sk:snk-amjlgi
|
| 035 |
|
|
|a urn:nbn:sk:snk-am002d3j
|
| 040 |
|
|
|a SNK
|b slo
|c SNK
|e AACR2
|
| 041 |
0 |
|
|a eng
|
| 044 |
|
|
|a xxu
|c US
|
| 072 |
|
7 |
|a 316.4/.7
|x Sociálne interakcie
|2 konspekt
|
| 080 |
|
|
|a 316.346.2-055.2
|2 2001
|
| 080 |
|
|
|a 316.728
|2 2001
|
| 080 |
|
|
|a 321.74
|2 2001
|
| 080 |
|
|
|a 316.66-055.1/.3
|2 2001
|
| 080 |
|
|
|a 141.72
|2 2001
|
| 080 |
|
|
|a (4-191.2)+(4-11)
|2 2001
|
| 080 |
|
|
|a (082)
|2 2001
|
| 245 |
0 |
0 |
|a Gender politics and everyday life in state socialist Eastern and Central Europe
|c edited by Shana Penn, Jill Massino
|
| 250 |
|
|
|a 1st publ.
|
| 260 |
|
|
|a New York
|b Palgrave MacMillan
|c 2009
|
| 300 |
|
|
|a 292 s.
|b fotogr., ilustr.
|c 22 cm
|
| 504 |
|
|
|a Pozn. ; reg. ; zoz.
|
| 648 |
|
7 |
|a 1945-1989
|2 SNKPH
|9 277989
|
| 650 |
0 |
7 |
|a ženy
|2 SNKPH
|9 4865
|
| 650 |
0 |
7 |
|a Women
|2 SNKPHeng
|9 266264
|
| 650 |
0 |
7 |
|a každodenný život
|2 SNKPH
|9 4946
|
| 650 |
0 |
7 |
|a Everyday life
|2 SNKPHeng
|9 265105
|
| 650 |
0 |
7 |
|a socializmus
|2 SNKPH
|9 2151
|
| 650 |
0 |
7 |
|a Socialism
|2 SNKPHeng
|9 283036
|
| 650 |
0 |
7 |
|a gender
|2 SNKPH
|9 4939
|
| 650 |
0 |
7 |
|a gender
|2 SNKPHeng
|9 4939
|
| 650 |
0 |
7 |
|a feminizmus
|2 SNKPH
|9 4940
|
| 650 |
0 |
7 |
|a Feminism
|2 SNKPHeng
|9 302212
|
| 651 |
|
7 |
|a Európa stredná
|2 SNKPH
|9 23970
|
| 651 |
|
7 |
|a Central and Eastern Europe
|2 SNKPHeng
|9 331439
|
| 655 |
|
7 |
|a zborníky
|2 SNKPH
|9 70165
|
| 655 |
|
7 |
|a Miscellanea
|2 SNKPHeng
|9 265155
|
| 700 |
1 |
|
|a Penn, Shana
|4 edt
|9 484162
|
| 700 |
1 |
|
|a Massino, Jill
|4 edt
|9 484163
|
| 919 |
|
|
|a 978-0-230-61300-3
|
| 919 |
|
|
|a 0-230-61300-4
|
| 958 |
|
|
|a ZS
|
| 958 |
|
|
|a NB
|
| 958 |
|
|
|a BX
|
| 958 |
|
|
|a SK
|
| 958 |
|
|
|a CZ
|
| 958 |
|
|
|a HU
|
| 958 |
|
|
|a RO
|
| 958 |
|
|
|a BG
|
| 958 |
|
|
|a PL
|
| 958 |
|
|
|a DE
|
| 999 |
|
|
|c 751982
|d 753912
|
| 952 |
|
|
|a SNK
|b SNK
|y PREZ
|7 0
|p 17A1034301
|o snkSC 150885
|i snk2012/16754
|8 3
|g 91.08
|0 0
|1 0
|4 0
|d 2012-09-03
|l 0
|r 2025-07-21 00:00:00
|w 2026-02-23
|
| 952 |
|
|
|a SNK
|b SNK
|y VYP
|7 0
|p 17A1057382
|o snkSC 150885 D1
|i snk2012/24004
|8 3
|g 91.08
|0 0
|1 0
|4 0
|d 2012-11-22
|f 1
|l 0
|r 2026-02-23 23:36:05
|w 2026-02-23
|